La insostenible materialidad de la ideología: consumismo y modelo publicitario /
Uloženo v:
| Hlavní autor: | |
|---|---|
| Médium: | Text |
| Témata: | |
| Tagy: |
Přidat tag
Žádné tagy, Buďte první, kdo vytvoří štítek k tomuto záznamu!
|
MARC
| LEADER | 00000 a a2200000 04500 | ||
|---|---|---|---|
| 001 | 261 | ||
| 003 | |||
| 040 | |||
| 100 | |a Rizzardini, Marco | ||
| 245 | |a La insostenible materialidad de la ideología: |b consumismo y modelo publicitario / |c Marco Rizzardini | ||
| 650 | |a CONSUMISMO | ||
| 650 | |a PUBLICIDAD | ||
| 650 | |a MERCADO | ||
| 650 | |a CAPITALISMO | ||
| 650 | |a ECONOMIA | ||
| 650 | |a ECONOMIA | ||
| 773 | |g número 26; páginas 117-139 | ||
| 999 | |c 22265 |d 22265 | ||
| 773 | 0 | |0 41952 |9 3384 |d Madrid: Solidaridad para el desarrollo y la paz, SODEPAZ-SODEPAU; Asociación Andaluza por la solidaridad y la paz 1990- |o 03675 |t Africa América Latina: |x 11302569 | |
